Statistics for Madden NFL 24 Top 20 Cs

Click here to take the quiz!

General Stats

  • This quiz has been taken 61 times
  • The average score is 6 of 20

Answer Stats

ClubOverallPlayer% Correct
Philadelphia Eagles92Jason Kelce
100%
Kansas City Chiefs90Creed Humphrey
87%
Detroit Lions88Frank Ragnow
66%
Los Angeles Chargers88Corey Linsley
55%
Tampa Bay Buccaneers87Ryan Jensen
47%
New England Patriots83David Andrews
36%
Baltimore Ravens80Tyler Linderbaum
26%
Buffalo Bills79Mitch Morse
23%
Indianapolis Colts77Ryan Kelly
23%
Miami Dolphins80Connor Williams
21%
Cleveland Browns78Ethan Pocic
17%
Minnesota Vikings76Garrett Bradbury
13%
Dallas Cowboys74Tyler Biadasz
11%
New York Jets77Connor McGovern
9%
Cincinnati Bengals80Ted Karras
9%
New Orleans Saints79Erik McCoy
8%
San Francisco 49ers74Jake Brendel
6%
Los Angeles Rams73Brian Allen
4%
Chicago Bears79Cody Whitehair
2%
Atlanta Falcons73Drew Dalman
2%

Score Distribution

Percentile by Number Answered

Percent of People with Each Score

Your Score History

You have not taken this quiz